Top Tourist Attraction by Country - Statistics

General Stats
  • This quiz has been taken 2,755 times
    2,724 since last reset
  • The average score is 14 of 22
Answer Stats
Tourist Attraction Country % Correct
Panama Canal Panama
99%
Central Park United States of America
99%
Niagara Falls Canada
98%
Machu Picchu Peru
96%
Sydney Harbour Australia
95%
Basilica of Sagrada Familia Spain
90%
Mount Kilimanjaro Tanzania
85%
Hagia Sophia Museum Turkey
81%
Iguazu Falls Brazil
80%
The Matterhorn Switzerland
77%
Petra World Heritage Site Jordan
76%
Table Mountain South Africa
72%
Walled City of Cartagena Colombia
62%
Temple of Karnak Egypt
57%
Sheikh Zayed Mosque United Arab Emirates
49%
Notre Dame D'Afrique Algeria
46%
Peleș Castle Romania
37%
Rock-Hewn Churches of Lalibela Ethiopia
33%
Gardens by the Bay Singapore
31%
Bagan Temples Myanmar
29%
Lake Ohrid North Macedonia
22%
Taroko Gorge Taiwan
21%
No matching quizzes found
Score Distribution
Percent of People with Each Score
Percentile by Number Answered
Your Score History
You have not taken this quiz since the last reset